[Event "29th Czech Open A 2018"]
[Site "Pardubice CZE"]
[Date "2018.07.27"]
[Round "8.23"]
[White "Merry, Alan B"]
[Black "Punin, Andrii"]
[Result "1/2-1/2"]
[WhiteTitle "IM"]
[BlackTitle "FM"]
[WhiteElo "2462"]
[BlackElo "2296"]
[WhiteFideId "418811"]
[BlackFideId "14112639"]
[EventDate "2018.07.20"]

1. e4 c6 2. d4 d5 3. e5 Bf5 4. Nd2 e6 5. Nb3 Nd7 6. f4 h5 7. Be2 h4 8. Nf3 Ne7
9. O-O Bg6 10. Be3 Nf5 11. Bf2 Be7 12. Nbd2 a6 13. b3 c5 14. c4 dxc4 15. Nxc4 b5
16. Ne3 Nxd4 17. Nxd4 cxd4 18. Qxd4 Nc5 19. Qc3 O-O 20. Rfd1 Ne4 21. Qe1 Qb8 22.
Ng4 Nxf2 23. Nxf2 Qa7 24. Kh1 Rad8 25. Bf3 Rxd1 26. Rxd1 Rd8 27. g3 Rxd1 28.
Nxd1 Qd4 29. Kg2 hxg3 30. hxg3 Bc5 31. Nf2 Bb1 32. Qe2 Qa1 33. Ne4 Bd4 34. a4
Qa2 35. Qxa2 Bxa2 36. axb5 axb5 37. Bd1 Bb1 38. Kf3 Bxe4+ 1/2-1/2

[Event "29th Czech Open A 2018"]
[Site "Pardubice CZE"]
[Date "2018.07.27"]
[Round "8.24"]
[White "Garayev, Kanan"]
[Black "Drozdowski, Kacper"]
[Result "1/2-1/2"]
[WhiteTitle "FM"]
[BlackTitle "IM"]
[WhiteElo "2300"]
[BlackElo "2455"]
[WhiteFideId "13406671"]
[BlackFideId "1136720"]
[EventDate "2018.07.20"]

1. d4 d5 2. c4 e6 3. Nc3 c6 4. cxd5 exd5 5. Nf3 Be7 6. Bf4 Nf6 7. e3 Bf5 8. Bd3
Bxd3 9. Qxd3 Nbd7 10. h3 O-O 11. O-O Re8 12. Ne5 Bb4 13. a3 Bxc3 14. Qxc3 Nxe5
15. Bxe5 Nd7 16. Bg3 Qb6 17. f3 Re6 18. Bf2 Nf6 19. Rae1 Rae8 20. Re2 Qc7 21. g4
Nd7 22. Kg2 Nf8 23. Bg3 Qe7 24. Rfe1 Ng6 25. e4 dxe4 26. Rxe4 Qd7 27. Rxe6 Rxe6
28. Rxe6 Qxe6 29. Kf2 h6 30. Qe3 Qc4 31. Bd6 Qd5 32. Bb8 a6 33. Qe8+ Kh7 34. Qe4
Qd8 35. Bg3 Kg8 36. Kg2 Qd7 37. Bf2 Ne7 38. Qe5 Nd5 39. h4 f6 40. Qe4 Kf7 41. h5
Ne7 42. Be3 f5 43. Qe5 fxg4 44. Qf4+ Kg8 45. Qxg4 Qd6 46. Bf2 Nd5 47. Qe4 Nf6
48. Qf5 Qd7 49. Qxd7 Nxd7 50. Kh3 Nf6 51. Kh4 Kf7 52. Bg3 g5+ 53. hxg6+ Kxg6 54.
Bf4 Nd5 55. Bd2 Ne7 56. Kg4 Nf5 57. Bc3 Ne3+ 58. Kf4 Nd5+ 59. Ke5 Nxc3 60. bxc3
h5 61. f4 h4 62. Ke6 Kg7 63. Ke7 Kg6 64. Ke6 Kg7 65. Ke7 Kg6 66. Ke6 1/2-1/2

[Event "29th Czech Open A 2018"]
[Site "Pardubice CZE"]
[Date "2018.07.27"]
[Round "8.25"]
[White "Braeuer, Franz"]
[Black "Van Foreest, Jorden"]
[Result "0-1"]
[WhiteTitle "IM"]
[BlackTitle "GM"]
[WhiteElo "2426"]
[BlackElo "2640"]
[WhiteFideId "24634468"]
[BlackFideId "1039784"]
[EventDate "2018.07.20"]

1. e4 c5 2. Nf3 d6 3. d4 cxd4 4. Nxd4 Nf6 5. Nc3 a6 6. Be3 e5 7. Nf3 Be7 8. Bc4
O-O 9. O-O Be6 10. Bb3 Nc6 11. Bg5 Nd7 12. Bxe7 Qxe7 13. Nd5 Qd8 14. Qd2 Nc5 15.
Rfe1 Rc8 16. h3 Nxb3 17. axb3 Bxd5 18. exd5 Nb8 19. c4 Nd7 20. Ng5 Qe7 21. f4 h6
22. Nf3 e4 23. Qd4 f5 24. Qc3 g5 25. Nd4 gxf4 26. Ne6 Ne5 27. Rf1 f3 28. gxf3
Nxf3+ 29. Kh1 Rf7 30. Rxf3 exf3 31. Rf1 Kh7 32. Rxf3 Rg8 33. Qd3 Qf6 0-1

[Event "29th Czech Open A 2018"]
[Site "Pardubice CZE"]
[Date "2018.07.27"]
[Round "8.27"]
[White "Matviishen, Viktor"]
[Black "Plat, Vojtech"]
[Result "1/2-1/2"]
[WhiteTitle "IM"]
[BlackTitle "GM"]
[WhiteElo "2423"]
[BlackElo "2543"]
[WhiteFideId "14129850"]
[BlackFideId "325740"]
[EventDate "2018.07.20"]

1. e4 c5 2. Nf3 Nc6 3. d4 cxd4 4. Nxd4 e6 5. Nc3 d6 6. Be3 Be7 7. Be2 Nf6 8. O-O
O-O 9. f4 a6 10. Qe1 Nxd4 11. Bxd4 b5 12. a3 Bb7 13. Qg3 g6 14. Qe3 Nd7 15. e5
Rc8 16. exd6 Bxd6 17. Rad1 Qe7 18. Rd2 Rfe8 19. Ne4 Bxe4 20. Qxe4 Bxf4 21. Qxf4
e5 22. Bxe5 Nxe5 23. c3 Rcd8 24. Rfd1 Rxd2 25. Qxd2 Qe6 26. Rf1 Qb6+ 27. Kh1 Qd8
28. Qf4 Qd5 29. h3 Nc4 30. Bxc4 bxc4 31. Rf2 Re4 32. Qf6 a5 33. Kh2 Qd7 34. Kh1
Qc7 35. Rf1 Qd7 36. Rf2 a4 37. Kg1 Qd5 38. Kh2 h5 39. Rf4 Re2 40. Rf2 Rxf2 41.
Qxf2 Qe5+ 42. Kh1 g5 43. Qf3 h4 44. Qa8+ Kg7 45. Qxa4 Qe1+ 46. Kh2 g4 47. hxg4
Qg3+ 48. Kh1 Qe1+ 49. Kh2 Qg3+ 1/2-1/2

[Event "29th Czech Open A 2018"]
[Site "Pardubice CZE"]
[Date "2018.07.27"]
[Round "8.28"]
[White "Kislinsky, Alexey"]
[Black "Pulpan, Jakub"]
[Result "0-1"]
[WhiteTitle "GM"]
[BlackTitle "IM"]
[WhiteElo "2502"]
[BlackElo "2386"]
[WhiteFideId "14108801"]
[BlackFideId "302759"]
[EventDate "2018.07.20"]

1. e4 e5 2. Bc4 Nf6 3. d3 c6 4. Nf3 d5 5. Bb3 Bd6 6. exd5 cxd5 7. O-O Nc6 8. Bg5
Be6 9. Nc3 Be7 10. Re1 h6 11. Bh4 d4 12. Bxf6 Bxf6 13. Ne4 Bxb3 14. cxb3 O-O 15.
b4 Nxb4 16. Qb3 a5 17. a3 Qd5 18. Nxf6+ gxf6 19. Qd1 Nc6 20. Nh4 Kh7 21. Qh5 Rg8
22. Qf5+ Kg7 23. Re4 Ne7 24. Qh5 Kh7 25. f4 exf4 26. Qxd5 Nxd5 27. Rxd4 Rad8 28.
Re1 b5 29. Ree4 b4 30. h3 bxa3 31. bxa3 Nc3 32. Rxd8 Rxd8 33. Re7 Kg7 34. Rc7
Rxd3 35. Nf5+ Kg6 36. Ne7+ Kh7 37. Nc6 Ne4 38. Rxf7+ Kg6 39. Ra7 Rd1+ 40. Kh2
Ng3 41. Ne7+ Kg5 0-1

[Event "29th Czech Open A 2018"]
[Site "Pardubice CZE"]
[Date "2018.07.27"]
[Round "8.29"]
[White "Sadhwani, Raunak"]
[Black "Malinovsky, Karel"]
[Result "1/2-1/2"]
[WhiteTitle "FM"]
[BlackTitle "IM"]
[WhiteElo "2409"]
[BlackElo "2472"]
[WhiteFideId "35093487"]
[BlackFideId "313874"]
[EventDate "2018.07.20"]

1. e4 c5 2. Nf3 g6 3. d4 cxd4 4. Nxd4 Nc6 5. c4 Bg7 6. Be3 Nf6 7. Nc3 d6 8. Be2
O-O 9. O-O Bd7 10. Rc1 Nxd4 11. Bxd4 Bc6 12. f3 a5 13. b3 Nd7 14. Be3 Nc5 15.
Qc2 e6 16. Rfd1 Qe7 17. Rd2 Be5 18. Bf1 f5 19. exf5 Rxf5 20. Ne2 Bxf3 21. gxf3
Rxf3 22. Bd4 Qg5+ 23. Bg2 Raf8 24. Bxe5 dxe5 25. Ng3 Rxg3 26. hxg3 Qe3+ 27. Kh2
Qh6+ 28. Kg1 Qe3+ 29. Kh2 Qh6+ 30. Kg1 Qe3+ 31. Kh2 Qh6+ 1/2-1/2

[Event "29th Czech Open A 2018"]
[Site "Pardubice CZE"]
[Date "2018.07.27"]
[Round "8.30"]
[White "Pacher, Milan"]
[Black "Rakesh, Kumar Jena"]
[Result "0-1"]
[WhiteTitle "GM"]
[BlackTitle "IM"]
[WhiteElo "2467"]
[BlackElo "2385"]
[WhiteFideId "14907445"]
[BlackFideId "5084822"]
[EventDate "2018.07.20"]

1. d4 Nf6 2. Bf4 c5 3. e3 d5 4. c3 Nc6 5. Nd2 Qb6 6. Qb3 e6 7. h3 Be7 8. Ngf3
O-O 9. Be2 Nd7 10. O-O a5 11. a4 Qxb3 12. Nxb3 b6 13. Rfc1 Ba6 14. Kf1 Bxe2+ 15.
Kxe2 f6 16. c4 Nb4 17. cxd5 exd5 18. dxc5 bxc5 19. Ne1 Rfc8 20. Nd2 f5 21. Nc2
Bf6 22. Nxb4 axb4 23. Ra2 c4 24. b3 Nc5 25. Rb1 cxb3 26. Nxb3 Ne4 27. Kf3 Nc3
28. Rba1 Nxa2 29. Rxa2 Rc3 0-1

[Event "29th Czech Open A 2018"]
[Site "Pardubice CZE"]
[Date "2018.07.27"]
[Round "8.31"]
[White "Frolov, Artur"]
[Black "Haria, Ravi"]
[Result "1/2-1/2"]
[WhiteTitle "IM"]
[BlackTitle "IM"]
[WhiteElo "2393"]
[BlackElo "2440"]
[WhiteFideId "14100134"]
[BlackFideId "415820"]
[EventDate "2018.07.20"]

1. e4 e6 2. d4 d5 3. Nd2 h6 4. Ngf3 Nf6 5. e5 Nfd7 6. c4 c5 7. cxd5 exd5 8. Bd3
Nc6 9. e6 Qe7 10. O-O fxe6 11. Bg6+ Kd8 12. dxc5 Qf6 13. Bd3 Nxc5 14. Nb3 Nxb3
15. Qxb3 Bd6 16. Re1 Rf8 17. Be3 Ke7 18. Bb5 Ne5 19. Nxe5 Qxe5 20. f4 Rxf4 21.
Bxf4 Qxf4 22. g3 Qd4+ 23. Kg2 a6 24. Bd3 Bd7 25. Rad1 Rf8 26. Bf5 Qb4 27. Qc2
Rf6 28. a3 Qc5 29. Qxc5 Bxc5 30. Bg4 Bc6 31. Bf3 Kd6 32. b4 Bb6 33. h4 e5 34.
Re2 Bd4 35. h5 Bc3 36. Rc2 Rxf3 37. Kxf3 d4+ 38. Kf2 Ba4 39. Rxc3 Bxd1 40. Rc8
e4 41. Rc4 Kd5 42. Rc5+ Ke6 43. Rc4 Kd5 44. Rc5+ 1/2-1/2

[Event "29th Czech Open A 2018"]
[Site "Pardubice CZE"]
[Date "2018.07.27"]
[Round "8.32"]
[White "Tomczak, Mikolaj"]
[Black "Koykka, Pekka"]
[Result "1/2-1/2"]
[WhiteTitle "FM"]
[BlackTitle "FM"]
[WhiteElo "2432"]
[BlackElo "2382"]
[WhiteFideId "1175114"]
[BlackFideId "504319"]
[EventDate "2018.07.20"]

1. c4 c5 2. g3 g6 3. Bg2 Bg7 4. Nf3 Nc6 5. O-O e6 6. e3 Nge7 7. Nc3 O-O 8. d4
cxd4 9. Nxd4 Nxd4 10. exd4 d5 11. cxd5 Nxd5 12. Nxd5 exd5 13. Qb3 Qb6 14. Be3
Be6 15. Rfc1 Bxd4 16. Bxd4 Qxd4 17. Rd1 Qb6 18. Bxd5 Bxd5 19. Rxd5 Qxb3 20. axb3
f5 21. b4 b6 22. Rb5 Rfb8 23. h4 Rb7 24. Rd1 Re8 25. h5 Re4 26. Rd6 Kg7 27. Kg2
Rf7 28. hxg6 hxg6 29. Rd2 Rfe7 30. b3 Kf7 31. Kf3 Rc7 32. Rd3 Ke7 33. Kg2 Rd7
34. Rc3 Re6 35. g4 Kf6 36. gxf5 gxf5 37. Rh3 Re4 38. Rh5 Rg4+ 39. Kf3 Rg5 40.
Rh6+ Rg6 41. Rh5 Rg5 42. Rh6+ Rg6 1/2-1/2

[Event "29th Czech Open A 2018"]
[Site "Pardubice CZE"]
[Date "2018.07.27"]
[Round "8.33"]
[White "Mertanen, Janne"]
[Black "Malakhov, Igor"]
[Result "1/2-1/2"]
[WhiteTitle "FM"]
[BlackTitle "IM"]
[WhiteElo "2292"]
[BlackElo "2431"]
[WhiteFideId "501875"]
[BlackFideId "4183088"]
[EventDate "2018.07.20"]

1. d4 Nf6 2. c4 e6 3. Nc3 d5 4. cxd5 exd5 5. Bg5 Be7 6. e3 O-O 7. Bd3 Nbd7 8.
Nf3 c6 9. Qc2 Re8 10. O-O Nf8 11. Rae1 Ne4 12. Bxe7 Qxe7 13. Ne5 Nd6 1/2-1/2

[Event "29th Czech Open A 2018"]
[Site "Pardubice CZE"]
[Date "2018.07.27"]
[Round "8.34"]
[White "Bakalchuk, Johnatan"]
[Black "Lye, Lik Zang"]
[Result "1-0"]
[WhiteTitle "IM"]
[WhiteElo "2429"]
[BlackElo "2270"]
[WhiteFideId "2810301"]
[BlackFideId "5712181"]
[EventDate "2018.07.20"]

1. Nf3 d5 2. g3 c6 3. Bg2 Bg4 4. O-O e6 5. c4 Nf6 6. d3 Bd6 7. cxd5 exd5 8. Nc3
O-O 9. e4 dxe4 10. dxe4 Qe7 11. h3 Bxf3 12. Qxf3 Nbd7 13. Qe2 Be5 14. f4 Bxc3
15. bxc3 Rfe8 16. e5 Nd5 17. Kh2 f6 18. c4 N5b6 19. a4 a5 20. Ba3 Qe6 21. Rad1
Rad8 22. c5 Qc4 23. Qb2 Nxa4 24. Qxb7 Ndxc5 25. Qxc6 Kh8 26. exf6 Rc8 27. fxg7+
Kxg7 28. Qd6 Re6 29. Qd4+ Qxd4 30. Rxd4 Re2 31. f5 Kf6 32. g4 Nb3 33. Rxa4 Rcc2
34. g5+ Kxg5 35. Rg4+ Kf6 36. Bf8 Nd2 37. Rff4 Kf7 38. Bh6 Rc3 39. Rg3 Rc4 40.
Rd3 Rc2 41. Kg3 Kf6 42. h4 a4 43. Bg5+ Kf7 44. Bd5+ Kg7 45. f6+ Kg6 46. f7 Nf1+
47. Rxf1 1-0

[Event "29th Czech Open A 2018"]
[Site "Pardubice CZE"]
[Date "2018.07.27"]
[Round "8.35"]
[White "Babula, Vlastimil"]
[Black "Mehar, Chinna Reddy C.H."]
[Result "1/2-1/2"]
[WhiteTitle "GM"]
[BlackTitle "FM"]
[WhiteElo "2533"]
[BlackElo "2286"]
[WhiteFideId "301264"]
[BlackFideId "5027420"]
[EventDate "2018.07.20"]

1. d4 d5 2. c4 c6 3. Nf3 Nf6 4. Nc3 e6 5. Bg5 Nbd7 6. e3 Qa5 7. Nd2 Bb4 8. Qc2
O-O 9. Be2 c5 10. O-O cxd4 11. Nb3 Qb6 12. exd4 dxc4 13. Bxc4 Bxc3 14. bxc3 Qc7
15. Qe2 Ne4 16. Qxe4 Qxc4 17. Rfe1 Nb6 18. Nd2 Qd5 19. Qg4 f6 20. Bh6 1/2-1/2

[Event "29th Czech Open A 2018"]
[Site "Pardubice CZE"]
[Date "2018.07.27"]
[Round "8.36"]
[White "Mencinger, Vojko"]
[Black "Gallego Alcaraz, Andres Felipe"]
[Result "0-1"]
[WhiteTitle "IM"]
[BlackTitle "IM"]
[WhiteElo "2342"]
[BlackElo "2504"]
[WhiteFideId "14600099"]
[BlackFideId "4402669"]
[EventDate "2018.07.20"]

1. d4 Nf6 2. Bf4 c5 3. e3 Qb6 4. Nc3 cxd4 5. exd4 a6 6. a3 d5 7. Bd3 Bd7 8. Nge2
e6 9. b4 Be7 10. h3 O-O 11. O-O Rc8 12. Qd2 Bc6 13. Qe3 Nbd7 14. Rfb1 Qd8 15. a4
Nb6 16. b5 axb5 17. axb5 Bd7 18. Qf3 Rxa1 19. Rxa1 Ra8 20. Rb1 Ne8 21. Be5 Bd6
22. Qg3 Qe7 23. Nd1 f6 24. Bxd6 Nxd6 25. Qh4 g5 26. Qh6 Qg7 27. Qxg7+ Kxg7 28.
f4 h6 29. g3 Be8 30. Kf2 Bg6 31. Ndc3 Ra3 32. fxg5 hxg5 33. g4 e5 34. Bxg6 Kxg6
35. Rb3 Ra1 36. Kg2 e4 37. Kf2 f5 38. gxf5+ Nxf5 39. Rb1 Ra8 40. Rg1 Kf6 41. Ng3
Nxd4 42. Ngxe4+ dxe4 43. Nxe4+ Ke5 44. Nc5 Rf8+ 45. Kg2 Nxc2 46. Nxb7 Nd5 47.
Nc5 Kf5 48. b6 Nf4+ 49. Kh2 Nd4 50. Rd1 Nde2 51. Rb1 g4 52. Rb3 g3+ 53. Rxg3
Nxg3 54. Nd7 Rg8 55. b7 Ne4 0-1

[Event "29th Czech Open A 2018"]
[Site "Pardubice CZE"]
[Date "2018.07.27"]
[Round "8.37"]
[White "Belyakov, Bogdan"]
[Black "Schroeder, Kevin"]
[Result "1/2-1/2"]
[WhiteTitle "IM"]
[BlackTitle "FM"]
[WhiteElo "2489"]
[BlackElo "2329"]
[WhiteFideId "24104795"]
[BlackFideId "12929840"]
[EventDate "2018.07.20"]

1. d4 c6 2. Nc3 g6 3. h4 h5 4. Nh3 Bg7 5. e4 d5 6. e5 Bxh3 7. Rxh3 Nh6 8. Bxh6
Rxh6 9. Ne2 e6 10. Rb3 Qc7 11. Nf4 Nd7 12. Nh3 Rh8 13. f4 Qa5+ 14. Kf2 O-O-O 15.
Ng5 Rhf8 16. g3 Kb8 17. Kg2 Rc8 18. a3 c5 19. Bb5 Nb6 20. dxc5 Rxc5 21. Bd3 Qa4
22. Qe2 Qd7 23. Rb5 Rfc8 24. Rxc5 Rxc5 25. Rd1 Qe8 26. Rh1 Nc4 27. Bxc4 Rxc4 28.
c3 Bf8 29. Rd1 Be7 30. Nf3 Rc8 31. Rd4 Bc5 32. Rd2 Be7 33. Qd1 Rc4 34. Qb3 Qa4
35. Qxa4 Rxa4 36. Kf2 Kc8 37. Ke3 Kd7 38. Kd3 Rc4 39. Nd4 Rc8 40. a4 Bc5 41. Nf3
a6 42. b3 Ke7 43. Rc2 Ba7 44. Ng5 Rd8 45. Rb2 Rc8 46. Nf3 Bc5 47. a5 Ba7 48. Re2
Rc5 49. b4 Rc8 50. Nd2 Rd8 51. Rg2 Rd7 52. Nb1 Rc7 53. Na3 f6 54. g4 hxg4 55.
Rxg4 Kf7 56. c4 Rc8 57. cxd5 exd5 58. exf6 Kxf6 59. Rg5 Rh8 60. Rxd5 Rxh4 61.
Nc4 Rxf4 62. Rd7 Rf3+ 63. Kc2 g5 64. Nd2 Ke6 65. Nxf3 Kxd7 66. Nxg5 b6 67. axb6
Bxb6 68. Kb3 Kc6 69. Kc4 Bf2 70. Nf3 Kb6 71. Ne5 Be1 72. Nd7+ Kc7 73. Nc5 Bxb4 1/2-1/2

[Event "29th Czech Open A 2018"]
[Site "Pardubice CZE"]
[Date "2018.07.27"]
[Round "8.38"]
[White "Caspi, Israel"]
[Black "Chovan, Milan"]
[Result "1/2-1/2"]
[WhiteTitle "IM"]
[BlackTitle "FM"]
[WhiteElo "2484"]
[BlackElo "2331"]
[WhiteFideId "2807394"]
[BlackFideId "14933691"]
[EventDate "2018.07.20"]

1. e4 e5 2. Nf3 Nc6 3. d4 exd4 4. Nxd4 Bc5 5. Nb3 Bb6 6. Nc3 Nf6 7. Qe2 O-O 8.
Bg5 h6 9. Bh4 a5 10. a4 Nd4 11. Qd3 Nxb3 12. cxb3 c6 13. O-O-O d5 14. exd5 cxd5
15. Qc2 Be6 16. Nxd5 Bxd5 17. Bxf6 Qxf6 18. Rxd5 Qxf2 19. Qxf2 Bxf2 20. Bc4 b6
21. Rd7 Bc5 22. Rf1 Kh7 23. Rfxf7 Rxf7 24. Bxf7 Rf8 25. Kb1 g5 26. g4 Kg7 27.
Bd5+ Kf6 28. Rh7 Ke5 29. Bf7 Kf4 30. Be6 Rf6 31. Bf5 Kf3 32. Rg7 Kg2 33. Rg6
Rxg6 1/2-1/2

[Event "29th Czech Open A 2018"]
[Site "Pardubice CZE"]
[Date "2018.07.27"]
[Round "8.39"]
[White "Mueller, Ralf1"]
[Black "Biolek, Richard Jr."]
[Result "1/2-1/2"]
[WhiteTitle "FM"]
[BlackTitle "IM"]
[WhiteElo "2335"]
[BlackElo "2469"]
[WhiteFideId "4606612"]
[BlackFideId "319996"]
[EventDate "2018.07.20"]

1. d4 d5 2. c4 e6 3. Nf3 Nf6 4. g3 Be7 5. Bg2 O-O 6. O-O dxc4 7. Qc2 b6 8. Nbd2
Bb7 9. Nxc4 Be4 10. Qb3 Nc6 11. Be3 Qc8 12. Nfe5 Bxg2 13. Kxg2 Nxe5 14. Nxe5 c5
15. dxc5 Bxc5 16. Kg1 Bxe3 1/2-1/2

[Event "29th Czech Open A 2018"]
[Site "Pardubice CZE"]
[Date "2018.07.27"]
[Round "8.40"]
[White "Petr, Martin"]
[Black "Galperin, Platon"]
[Result "1/2-1/2"]
[WhiteTitle "GM"]
[WhiteElo "2456"]
[BlackElo "2320"]
[WhiteFideId "318299"]
[BlackFideId "14165414"]
[EventDate "2018.07.20"]

1. e4 e6 2. d3 d5 3. Nd2 c5 4. Ngf3 Nc6 5. g3 Bd6 6. Bg2 Nge7 7. O-O O-O 8. Re1
b6 9. h4 Bd7 10. c3 f6 11. a3 a5 12. d4 cxd4 13. cxd4 Bc7 14. Nf1 Be8 15. e5
fxe5 16. Nxe5 Nxe5 17. dxe5 b5 18. Bh3 Bd7 19. h5 Nf5 20. Bf4 Bb6 21. Ne3 Nxe3
22. Bxe3 Bxe3 23. Rxe3 Qg5 24. Qg4 Qxg4 25. Bxg4 Rfc8 26. Rd1 Rc2 27. Re2 Rac8
28. Rdd2 Rc1+ 29. Kg2 Kf7 30. f4 g6 31. Kh3 b4 32. axb4 axb4 33. Rxd5 exd5 34.
e6+ Bxe6 35. Bxe6+ Kf6 36. Bxc8 Rxc8 37. hxg6 hxg6 38. Rd2 Ke6 39. Kg4 Rd8 40.
Rd4 Rb8 41. Kg5 Kd6 42. Kxg6 Kc5 43. Rd3 d4 44. f5 Kc4 45. Rd1 Rg8+ 46. Kh7 Rxg3
47. Rf1 Rh3+ 48. Kg7 Rg3+ 49. Kh7 Rh3+ 50. Kg7 Rg3+ 1/2-1/2

[Event "29th Czech Open A 2018"]
[Site "Pardubice CZE"]
[Date "2018.07.27"]
[Round "8.41"]
[White "Michenka, Jozef"]
[Black "Jansa, Vlastimil"]
[Result "1/2-1/2"]
[WhiteTitle "IM"]
[BlackTitle "GM"]
[WhiteElo "2329"]
[BlackElo "2451"]
[WhiteFideId "301175"]
[BlackFideId "300128"]
[EventDate "2018.07.20"]

1. d4 Nf6 2. c4 g6 3. Nc3 d5 4. Bg5 Ne4 5. Bh4 c5 6. cxd5 Nxc3 7. bxc3 Qxd5 8.
e3 Nc6 9. Qf3 Qf5 10. Bb5 Bd7 11. Qxf5 gxf5 12. Nf3 e6 13. O-O Be7 14. Bg3 O-O
15. Rfd1 cxd4 16. exd4 Rfd8 17. c4 Bf6 18. Ne5 Nxe5 19. dxe5 Bxb5 20. cxb5 Be7
21. Kf1 Kf8 22. Ke2 Ke8 23. Bf4 a6 24. bxa6 Rxa6 25. Rxd8+ Bxd8 26. Be3 Ra4 27.
Kd3 Kd7 28. Rb1 b6 29. Bxb6 Ra3+ 30. Ke2 Rxa2+ 31. Kf3 Bg5 32. g3 Kc6 33. h4 Bh6
34. Be3 Ra3 35. Rb8 Bg7 36. Rb6+ Kc7 37. Rb5 Bf8 38. Ke2 Ra4 39. f4 h5 40. Rb2
Be7 41. Rc2+ 1/2-1/2

[Event "29th Czech Open A 2018"]
[Site "Pardubice CZE"]
[Date "2018.07.27"]
[Round "8.42"]
[White "Gheng, Josef"]
[Black "Haba, Petr"]
[Result "1/2-1/2"]
[WhiteTitle "FM"]
[BlackTitle "GM"]
[WhiteElo "2328"]
[BlackElo "2445"]
[WhiteFideId "4618041"]
[BlackFideId "300160"]
[EventDate "2018.07.20"]

1. c4 e5 2. g3 c6 3. Nf3 e4 4. Nd4 d5 5. cxd5 Qxd5 6. Nc2 Nf6 7. Nc3 Qh5 8. d3
exd3 9. Qxd3 Bc5 10. Be3 Bf5 11. Qc4 Be7 12. Nd4 Bd7 13. Bg2 O-O 14. h3 Na6 15.
a3 Rac8 16. Rd1 Rfd8 17. g4 Qa5 18. Nb3 Qc7 19. Nd4 b5 20. Qb3 b4 21. axb4 Nxb4
22. O-O c5 23. Ndb5 Qb8 24. g5 Be6 25. Qa4 Nfd5 26. Bc1 a6 27. Nxd5 Bxd5 28. Nc3
Bxg2 29. Kxg2 Qb7+ 30. f3 Nc6 31. Nd5 Bf8 32. e4 Qb5 33. Nc3 Qb7 34. h4 Nd4 35.
Qc4 Ne6 36. Rd5 Rxd5 37. Nxd5 Qb5 38. Qc3 Rb8 39. Rf2 Qa4 40. Qe5 Rb3 41. h5 Nd4
42. Ne7+ Kh8 43. h6 Qc4 44. Nd5 Ne6 45. Be3 Qb5 46. hxg7+ Bxg7 47. Qf5 Qe8 48.
Kg3 Nd4 49. Bxd4 Bxd4 50. Rc2 Qe6 51. Nc3 a5 52. Qxe6 fxe6 53. Na4 e5 54. Kg4
Kg8 55. f4 exf4 56. Kxf4 Kf7 57. Nxc5 Rxb2 58. Rxb2 Bxb2 59. Na4 Ba1 60. Nc5 Bc3
61. Kf5 Bb4 62. Na4 Ke7 63. e5 Kf7 64. Nb6 Bc5 65. Na4 Be3 66. Nb2 Bd4 67. Na4
Ke7 68. Ke4 Ba7 69. Kf5 Bd4 70. Ke4 Ba7 71. Kf5 Bd4 72. Ke4 Ba7 1/2-1/2

[Event "29th Czech Open A 2018"]
[Site "Pardubice CZE"]
[Date "2018.07.27"]
[Round "8.43"]
[White "Haring, Viktor"]
[Black "Lodici, Lorenzo"]
[Result "0-1"]
[WhiteTitle "FM"]
[BlackTitle "IM"]
[WhiteElo "2289"]
[BlackElo "2441"]
[WhiteFideId "14919400"]
[BlackFideId "884189"]
[EventDate "2018.07.20"]

1. e4 e5 2. Nf3 Nc6 3. Bb5 a6 4. Ba4 d6 5. d4 b5 6. Bb3 Nxd4 7. Nxd4 exd4 8. c3
Bb7 9. cxd4 Nf6 10. O-O Be7 11. Nc3 b4 12. e5 dxe5 13. dxe5 bxc3 14. exf6 Qxd1
15. Rxd1 Bxf6 16. Re1+ Kd7 17. Bf4 cxb2 18. Rad1+ Kc8 19. Bxf7 Bc6 20. Be6+ Kb7
21. Be5 Bxe5 22. Rxe5 Rad8 23. Rb1 Rd2 24. Re3 Rhd8 25. Bg4 Bd5 26. Ra3 Ka7 0-1

[Event "29th Czech Open A 2018"]
[Site "Pardubice CZE"]
[Date "2018.07.27"]
[Round "8.44"]
[White "Slovak, Kilian"]
[Black "Neuman, Petr"]
[Result "1-0"]
[BlackTitle "GM"]
[WhiteElo "2285"]
[BlackElo "2440"]
[WhiteFideId "365440"]
[BlackFideId "305243"]
[EventDate "2018.07.20"]

1. e4 c6 2. d4 d5 3. e5 Bf5 4. Nc3 e6 5. g4 Bg6 6. Nge2 c5 7. h4 h5 8. Nf4 Bh7
9. Nxh5 Nc6 10. dxc5 Bxc5 11. Bb5 Qc7 12. Bxc6+ Qxc6 13. Qf3 Bd4 14. O-O Bg6 15.
Nxg7+ Kf8 16. Nh5 Bxh5 17. gxh5 Bxe5 18. Re1 Bg7 19. Bg5 Nh6 20. Rad1 Rc8 21.
Ne2 Nf5 22. c3 Qa4 23. Nf4 d4 24. h6 Bxh6 25. Nxe6+ fxe6 26. Rxe6 Kg7 27. Qxb7+ 1-0

[Event "29th Czech Open A 2018"]
[Site "Pardubice CZE"]
[Date "2018.07.27"]
[Round "8.46"]
[White "Kutynec, Vladimir"]
[Black "Erenberg, Ariel"]
[Result "0-1"]
[WhiteTitle "IM"]
[BlackTitle "IM"]
[WhiteElo "2273"]
[BlackElo "2413"]
[WhiteFideId "4119843"]
[BlackFideId "2811634"]
[EventDate "2018.07.20"]

1. Nf3 Nf6 2. c4 e6 3. g3 d5 4. d4 Bb4+ 5. Bd2 Be7 6. Bg2 O-O 7. O-O c6 8. Qb3
Nbd7 9. Bf4 b6 10. Ne5 Nxe5 11. dxe5 Nd7 12. Rd1 g5 13. Bc1 Ba6 14. cxd5 cxd5
15. e4 d4 16. Rxd4 Qc7 17. Be3 Nxe5 18. Na3 Rad8 19. Nb5 Bxb5 20. Qxb5 Bf6 21.
Rdd1 Qc2 22. Rdc1 Qd3 23. Qxd3 Nxd3 24. Rc7 Nxb2 25. Rxa7 Nd1 26. Rb1 Nxe3 27.
fxe3 Rd2 28. Rxb6 g4 29. Rb1 Bg5 30. Re1 Rc8 31. h3 Rc3 32. Ra8+ Kg7 33. hxg4
Bxe3+ 34. Kh1 Bd4 35. Rd8 Rxg3 36. e5 Rxg4 37. Re4 Rd1+ 38. Kh2 Rxe4 0-1

[Event "29th Czech Open A 2018"]
[Site "Pardubice CZE"]
[Date "2018.07.27"]
[Round "8.47"]
[White "Jurek, Josef"]
[Black "Yankelevich, Lev"]
[Result "0-1"]
[WhiteTitle "IM"]
[BlackTitle "IM"]
[WhiteElo "2277"]
[BlackElo "2411"]
[WhiteFideId "300993"]
[BlackFideId "24684074"]
[EventDate "2018.07.20"]

1. Nf3 Nf6 2. c4 g6 3. g3 b6 4. Bg2 Bb7 5. b3 Bg7 6. Bb2 O-O 7. O-O e6 8. Nc3 d5
9. cxd5 exd5 10. d4 Na6 11. Rc1 Re8 12. e3 c6 13. a3 Nc7 14. b4 a5 15. Ne5 axb4
16. axb4 b5 17. Qb3 Nd7 18. Nxd7 Qxd7 19. e4 Ne6 20. exd5 Nxd4 21. Qd1 cxd5 22.
Nxd5 Bxd5 23. Bxd4 Bxg2 24. Bxg7 Qxd1 25. Rfxd1 Bf3 26. Bc3 Bxd1 27. Rxd1 Rad8
28. Ra1 Rd3 29. Be1 Red8 30. Kf1 Rd1 31. Rxd1 Rxd1 32. Ke2 Rd4 0-1